000 00679nam a2200253Ia 4500
003 OSt
005 20220924121151.0
006 a|||||r|||| 00| 0
007 ta
008 220923b |||||||| |||| 00| 0 tel d
020 _cRs.15
024 _a347578
037 _cTextual
040 _aARTS
_cARTS
_btel
041 _2tel
_atel
082 _aO35,6N102,3, M3
100 _aChalasani Prasad Au.
_9184565
245 0 _aSri Sri Vyasalu
260 _aGuntur
_bVirasam Publication India
_c1983
300 _a258p.
_ccm.
650 _aTELUGU LITERATURE
942 _hO35,6N102,3, M3
_cTEXL
_2CC
999 _c406152
_d406152